<?xml version="1.0" encoding="UTF-8"?>
<collection xmlns="http://www.loc.gov/MARC21/slim">
 <record>
  <leader>00796nam a2200181 a 4500</leader>
  <controlfield tag="001">1/48326</controlfield>
  <controlfield tag="008">190123n2009    gr a     y    00010 gre  </controlfield>
  <datafield tag="035" ind1=" " ind2=" ">
   <subfield code="l">51322</subfield>
  </datafield>
  <datafield tag="040" ind1=" " ind2=" ">
   <subfield code="a">GR-PeUP</subfield>
  </datafield>
  <datafield tag="082" ind1="0" ind2="0">
   <subfield code="a">796.33463 SUP</subfield>
  </datafield>
  <datafield tag="245" ind1="0" ind2="0">
   <subfield code="a">Superleague Ελλαδα inside πρωταθλημα 2008/2009 :</subfield>
   <subfield code="b">the official yearbook /</subfield>
   <subfield code="c">επιμέλεια έκδοσης Νίκος Π. Μητσούρας.</subfield>
  </datafield>
  <datafield tag="260" ind1="0" ind2=" ">
   <subfield code="a">Αθήνα :</subfield>
   <subfield code="b">Superleague,</subfield>
   <subfield code="c">[2009;].</subfield>
  </datafield>
  <datafield tag="300" ind1=" " ind2=" ">
   <subfield code="a">89 σ. :</subfield>
   <subfield code="b">όλο έγχρ. εικ. ;</subfield>
   <subfield code="c">25 x 31 εκ.</subfield>
  </datafield>
  <datafield tag="610" ind1="1" ind2="4">
   <subfield code="a">Ελληνικο Πρωτάθλημα Ποδοσφαίρου.</subfield>
  </datafield>
  <datafield tag="650" ind1=" " ind2="4">
   <subfield code="a">Ποδόσφαιρο</subfield>
   <subfield code="z">Ελλάδα.</subfield>
  </datafield>
  <datafield tag="650" ind1=" " ind2="4">
   <subfield code="a">Soccer.</subfield>
  </datafield>
  <datafield tag="700" ind1="1" ind2=" ">
   <subfield code="a">Μήτσουρας, Νίκος Π.</subfield>
  </datafield>
  <datafield tag="852" ind1=" " ind2=" ">
   <subfield code="a">INST</subfield>
   <subfield code="b">UNIPILB</subfield>
   <subfield code="c">MAIN</subfield>
   <subfield code="e">20190123</subfield>
   <subfield code="h">796.33463 SUP</subfield>
   <subfield code="p">00180217</subfield>
   <subfield code="q">00180217</subfield>
   <subfield code="t">LOAN</subfield>
   <subfield code="y">0</subfield>
   <subfield code="4">1</subfield>
  </datafield>
 </record>
</collection>
